List of Buick Cars 1980- Quiz Stats

 Plays Quiz not verified by Sporcle

Also try: Sporcle Famous
Challenge
Share
Tweet
Embed
Score 0/30 Timer 20:00
0 Plays Today
Body Style Answer % Correct
CoupeCentury
96%
SedanCentury
96%
WagonCentury
96%
CoupeLeSabre
92%
SedanLeSabre
92%
WagonLeSabre
92%
CoupeRegal
92%
SedanRegal
92%
WagonRegal
92%
SUVEnclave
88%
Coupe/ConvertibleReatta
88%
SedanLaCrosse
84%
SUVRendezvous
84%
SUVEncore
80%
CoupeRiviera
80%
Body Style Answer % Correct
CoupeSkylark
80%
SedanSkylark
80%
SedanVerano
80%
Muscle CarGrand National
76%
ConvertibleCascada
72%
SedanPark Avenue
72%
MinivanTerraza
72%
SUVEnvision
68%
Sedan/WagonRoadmaster
68%
Coupe/SedanElectra
64%
SedanLucerne
64%
SUVRainier
64%
Coupe/Sedan/WagonSkyhawk
64%
CoupeSomerset
44%
WagonEstate Wagon
40%

You're not logged in!

Compare scores with friends on all Sporcle quizzes.
Join for Free
OR
Log In

You Might Also Like...

Show Comments

Extras

Created May 14, 2017ReportNominate
Tags:body, buick, car, model, style

Top Quizzes Today


Score Distribution

Your Account Isn't Verified!

In order to create a playlist on Sporcle, you need to verify the email address you used during registration. Go to your Sporcle Settings to finish the process.

Report this User

Report this user for behavior that violates our Community Guidelines.

Details: